Central Library OPAC University of Rajshahi

Social service and mental health : (Record no. 49838)

MARC details
000 -LEADER
fixed length control field 00815nam a2200241 a 4500
001 - CONTROL NUMBER
control field 49838
003 - CONTROL NUMBER IDENTIFIER
rucl marc code BD-RjUL
005 - DATE AND TIME OF LATEST TRANSACTION
control field 20211209054733.0
008 - FIXED-LENGTH DATA ELEMENTS--GENERAL INFORMATION
fixed length control field 160822s1953 xx 001 0 eng
035 ## - SYSTEM CONTROL NUMBER
System control number (BD-RjUL)49958
040 ## - CATALOGING SOURCE
Original cataloging agency DLC
Transcribing agency TxShA
Modifying agency BD-RjUL
Language of cataloging eng
041 ## - LANGUAGE CODE
Language code of text/sound track or separate title eng
082 ## - DEWEY DECIMAL CLASSIFICATION NUMBER
Classification number 361.1
Edition number 23
Author mark and year ASS 1953
100 1# - MAIN ENTRY--PERSONAL NAME
Personal name Ashdown, Margaret
Dates associated with a name 1892-
9 (RLIN) 149374
245 10 - TITLE STATEMENT
Title Social service and mental health :
Remainder of title an essay on psychiatric social workers /
Statement of responsibility, etc. by Margaret Ashdown and S. Clement Brown.
260 ## - PUBLICATION, DISTRIBUTION, ETC. (IMPRINT)
Place of publication, distribution, etc. London :
Name of publisher, distributor, etc. Routledge and Paul,
Date of publication, distribution, etc. 1953
300 ## - PHYSICAL DESCRIPTION
Pagination 260 p. ;
Size 23 cm.
490 0# - SERIES STATEMENT
Series statement International library of sociology and social reconstruction
500 ## - GENERAL NOTE
General note Includes index
650 #0 - SUBJECT ADDED ENTRY--TOPICAL TERM
Topical term or geographic name as entry element Psychiatric social work.
9 (RLIN) 148698
700 12 - ADDED ENTRY--PERSONAL NAME
Personal name Brown, Sibyl Clement,
Relator term joint author.
942 ## - ADDED ENTRY ELEMENTS (KOHA)
Source of classification or shelving scheme Dewey Decimal Classification
Koha item type Books
Holdings
Lost status Source of classification or shelving scheme Damaged status Not for loan Collection code Permanent Location Current Location Shelving location Date acquired Source of acquisition Cost, normal purchase price Total Checkouts Full call number Date last seen Copy number Koha item type
  Dewey Decimal Classification     Non-fiction Central Library, University of Rajshahi Central Library, University of Rajshahi   07/02/1955 U.B. & Rajshahi 10.00   361.1 ASS 1953 22/08/2016 C-2 Books
  Dewey Decimal Classification     Non-fiction Central Library, University of Rajshahi Central Library, University of Rajshahi   07/02/1955 U.B. & Rajshahi 10.00   361.1 ASS 1953 22/08/2016 C-3 Books
  Dewey Decimal Classification     Non-fiction Central Library, University of Rajshahi Central Library, University of Rajshahi   12/09/1955 B. H. Blackwell 165.00   361.1 ASS 1953 05/09/2016 C-4 Books